Normal view
MARC view
- السيد احمد، عزمي طه
Entry Personal Name
001 - CONTROL NUMBER
- control field: 61056
003 - CONTROL NUMBER IDENTIFIER
- control field: JO-AjAnu
005 - DATE AND TIME OF LATEST TRANSACTION
- control field: 20230606083958.0
008 - FIXED-LENGTH DATA ELEMENTS
- fixed length control field: 230606|| aca||aabn | a|a d
040 ## - CATALOGING SOURCE
- Original cataloging agency: JO-AjAnu
- Transcribing agency: JO-AjAnu
100 ## - HEADING--PERSONAL NAME
- Personal name: السيد احمد، عزمي طه
670 ## - SOURCE DATA FOUND
- Source citation: Work cat.: (JO-AjAnu)31142: السيد احمد، عزمي طه, author, الثقافة العربية وتحدياتها في عصر العولمة